[Event "Perm Rating November"]
[Site "Perm"]
[Date "2010.11.23"]
[Round "7"]
[White "Voronov, Vitaly N"]
[Black "Kashin, Yury"]
[Result "1-0"]
[WhiteElo "1813"]
[BlackElo "2020"]
[PlyCount "49"]
[EventDate "2010.11.15"]
[EventType "swiss"]
[EventRounds "7"]
[EventCountry "RUS"]
[SourceTitle "EXT 2022"]
[Source "ChessBase"]
[SourceDate "2021.10.06"]
[SourceVersion "1"]
[SourceVersionDate "2021.10.06"]
[SourceQuality "1"]

1. e4 e6 2. d4 d5 3. exd5 exd5 4. Bd3 Bd6 5. Nf3 Nf6 6. 0-0 0-0 7. Bg5 h6 8. Bh4 g5 9. Bg3 Nc6 10. c3 Bg4 11. h3 Bh5 12. Nbd2 Bxg3 13. fxg3 Re8 14. g4 Bg6 15. Bxg6 fxg6 16. Qc2 Kg7 17. Rae1 Qd7 18. Ne5 Nxe5 19. dxe5 Nh7 20. Nb3 Rf8 21. Nd4 c5 22. e6 Qd6 23. e7 Rxf1+ 24. Kxf1 Re8 25. Re6 1-0

[Event "Perm Rating November"]
[Site "Perm"]
[Date "2010.11.15"]
[Round "1"]
[White "Voronov, Vitaly N"]
[Black "Mislavskiy, Evgeny"]
[Result "1/2-1/2"]
[WhiteElo "1813"]
[BlackElo "2116"]
[PlyCount "20"]
[EventDate "2010.11.15"]
[EventType "swiss"]
[EventRounds "7"]
[EventCountry "RUS"]
[SourceTitle "EXT 2022"]
[Source "ChessBase"]
[SourceDate "2021.10.06"]
[SourceVersion "1"]
[SourceVersionDate "2021.10.06"]
[SourceQuality "1"]

1. e4 Nc6 2. d4 d5 3. exd5 Nf6 4. Nc3 Nxd5 5. Bc4 Nxc3 6. bxc3 e5 7. d5 Na5 8. Bb5+ c6 9. dxc6 Qxd1+ 10. Kxd1 Nxc6 1/2-1/2

[Event "Perm Rating Sepetember"]
[Site "Perm"]
[Date "2010.09.08"]
[Round "3"]
[White "Mikheev, Nikolay"]
[Black "Voronov, Vitaly N"]
[Result "1-0"]
[WhiteElo "1877"]
[BlackElo "1805"]
[PlyCount "33"]
[EventDate "2010.09.06"]
[EventType "swiss"]
[EventRounds "7"]
[EventCountry "RUS"]
[SourceTitle "EXT 2022"]
[Source "ChessBase"]
[SourceDate "2021.10.06"]
[SourceVersion "1"]
[SourceVersionDate "2021.10.06"]
[SourceQuality "1"]

1. e4 e5 2. Nf3 Nc6 3. Bc4 Nf6 4. Ng5 d5 5. exd5 Nd4 6. c3 b5 7. Bf1 Nxd5 8. cxd4 Qxg5 9. Qf3 Bb7 10. Bxb5+ Kd8 11. Nc3 c6 12. Nxd5 cxb5 13. Qxf7 Qxg2 14. Qc7+ Ke8 15. Qxb7 Qxh1+ 16. Ke2 Rd8 17. Nc7+ 1-0

[Event "Perm op 04"]
[Site "Perm"]
[Date "2010.04.25"]
[Round "4"]
[White "Mustaev, Nikolay"]
[Black "Voronov, Vitaly N"]
[Result "1-0"]
[WhiteElo "2286"]
[BlackElo "1809"]
[PlyCount "107"]
[EventDate "2010.04.22"]
[EventType "swiss"]
[EventRounds "9"]
[EventCountry "RUS"]
[SourceTitle "EXT 2012"]
[Source "ChessBase"]
[SourceDate "2011.11.24"]
[SourceVersion "1"]
[SourceVersionDate "2011.11.24"]
[SourceQuality "1"]

1. d4 g6 2. c4 Bg7 3. Nc3 d6 4. e4 Nc6 5. d5 Nd4 6. Be3 c5 7. Nge2 Nxe2 8. Bxe2 Nf6 9. f4 0-0 10. g4 e6 11. dxe6 fxe6 12. h4 Qe7 13. h5 gxh5 14. g5 Ng4 15. Bxg4 hxg4 16. Qxg4 d5 17. Bd2 Bd7 18. e5 Bc6 19. Rh2 Qf7 20. 0-0-0 d4 21. Nb5 Bxb5 22. cxb5 Qf5 23. Qxf5 Rxf5 24. Rdh1 Kf7 25. Rxh7 Kg6 26. Kc2 c4 27. b3 c3 28. Bc1 Rff8 29. Kd3 Rad8 30. R7h4 Rd5 31. a4 Rc8 32. Rh6+ Bxh6 33. Rxh6+ Kf7 34. Rf6+ Kg7 35. Rxe6 c2 36. f5 Rc3+ 37. Ke4 Rd8 38. Rd6 Rdc8 39. Rd7+ Kg8 40. f6 Re3+ 41. Kxd4 Re1 42. Rg7+ Kh8 43. g6 Rxc1 44. Rh7+ Kg8 45. f7+ Kf8 46. Rh8+ Kg7 47. Rxc8 Rd1+ 48. Ke4 c1Q 49. Rg8+ Kh6 50. f8Q+ Kg5 51. Qf5+ Kh4 52. Rh8+ Kg3 53. Rh3+ Kg2 54. Qf3+ 1-0

[Event "Perm op 04"]
[Site "Perm"]
[Date "2010.04.23"]
[Round "2"]
[White "Dolgii, Viacheslav"]
[Black "Voronov, Vitaly N"]
[Result "0-1"]
[WhiteElo "2286"]
[BlackElo "1809"]
[PlyCount "90"]
[EventDate "2010.04.22"]
[EventType "swiss"]
[EventRounds "9"]
[EventCountry "RUS"]
[SourceTitle "EXT 2012"]
[Source "ChessBase"]
[SourceDate "2011.11.24"]
[SourceVersion "1"]
[SourceVersionDate "2011.11.24"]
[SourceQuality "1"]

1. d4 Nf6 2. c4 c5 3. Nf3 e6 4. Nc3 b6 5. Bf4 d6 6. e4 cxd4 7. Nb5 e5 8. Bg5 Nbd7 9. Qa4 Bb7 10. Nd2 a6 11. Na3 Be7 12. f3 0-0 13. Rc1 Nc5 14. Qd1 Nfd7 15. Bxe7 Qxe7 16. b4 Ne6 17. g3 f5 18. exf5 Rxf5 19. Bd3 Rh5 20. Ne4 Nf6 21. 0-0 Nxe4 22. Bxe4 Bxe4 23. fxe4 Rh6 24. Nb1 Qg5 25. Qd2 Qg4 26. Rce1 Nf4 27. Qd1 Qg6 28. Qf3 Rf8 29. Kh1 Ne6 30. Qg2 Rxf1+ 31. Rxf1 Qe8 32. Nd2 Qa4 33. Qf3 Rf6 34. Qb3 Qxb3 35. axb3 Rxf1+ 36. Nxf1 Kf7 37. Kg2 Ke7 38. Nd2 Kd7 39. Kf2 Kc6 40. Ke2 a5 41. c5 dxc5 42. bxc5 Kxc5 43. Nc4 Kb5 44. Nxe5 Kb4 45. Nc6+ Kxb3 0-1

[Event "Perm op 05"]
[Site "Perm"]
[Date "2009.05.22"]
[Round "8"]
[White "Voronov, Vitaly N"]
[Black "Chikrin, Vladimir"]
[Result "0-1"]
[WhiteElo "1688"]
[BlackElo "1630"]
[PlyCount "30"]
[EventDate "2009.05.13"]
[EventType "swiss"]
[EventRounds "8"]
[EventCountry "RUS"]
[SourceTitle "EXT 2022"]
[Source "ChessBase"]
[SourceDate "2021.10.06"]
[SourceVersion "1"]
[SourceVersionDate "2021.10.06"]
[SourceQuality "1"]

1. Nf3 d5 2. g3 Nf6 3. Bg2 e6 4. 0-0 c5 5. e3 Nc6 6. d4 Bd6 7. b3 cxd4 8. exd4 0-0 9. Ba3 Re8 10. Bb2 Bd7 11. Nbd2 Rc8 12. c4 b6 13. Re1 Nb4 14. Re2 Nd3 15. Ne5 Nxb2 0-1

[Event "Perm op 04"]
[Site "Perm"]
[Date "2009.04.24"]
[Round "5"]
[White "Voronov, Vitaly N"]
[Black "Vlasova, Maria M"]
[Result "1-0"]
[WhiteElo "2094"]
[BlackElo "1998"]
[PlyCount "35"]
[EventDate "2009.04.20"]
[EventType "swiss"]
[EventRounds "8"]
[EventCountry "RUS"]
[SourceTitle "EXT 2022"]
[Source "ChessBase"]
[SourceDate "2021.10.06"]
[SourceVersion "1"]
[SourceVersionDate "2021.10.06"]
[SourceQuality "1"]

1. e4 c5 2. d4 cxd4 3. c3 dxc3 4. Nxc3 d6 5. Bc4 Nf6 6. Nf3 e6 7. 0-0 Be7 8. Qe2 0-0 9. Rd1 a6 10. e5 Ne8 11. exd6 Nxd6 12. Ne4 Qc7 13. Nxd6 Bxd6 14. Be3 Nc6 15. Rac1 Bd7 16. Ng5 Bxh2+ 17. Kh1 Bf4 18. Rxd7 1-0